| 000 | 01433cam a2200361 i 4500 | ||
|---|---|---|---|
| 001 | 34914 | ||
| 003 | Mx-PuUPA | ||
| 005 | 20250818105624.0 | ||
| 008 | 140415s2015 mx ad gr 001 0 spa d | ||
| 020 |
_a9786070270086 _qrústica |
||
| 020 |
_a9786070269875 _qcolección rústica |
||
| 040 |
_aMx-PuUPA _bspa _cMx-PuUPA _dMx-PuUPA _erda |
||
| 041 | 0 | _aspa | |
| 043 | _an-mx--- | ||
| 100 | 1 |
_aFix Fierro, Héctor, _9845 _eautor |
|
| 245 | 1 | 0 |
_aEntre un buen arreglo y un mal pleito / _cHéctor Felipe FIX-Fierro, Alberto Abad Suárez Ávila, Edgar Corzo Sosa |
| 246 | 1 | 3 |
_aEntre un buen arreglo y un mal pleito : _bencuesta nacional de Justicia |
| 250 |
_aPrimera edición / _bagosto |
||
| 264 | 1 |
_aMéxico, D.F. : _bUniversidad Nacional Autónoma de México, _c2015 |
|
| 300 |
_a222 páginas : _bilustraciones ; _c23 cm |
||
| 336 |
_2rdacontent _atexto _btxt |
||
| 337 |
_2rdamedia _asin medio _bn |
||
| 338 |
_2rdacarrier _avolumen _bnc |
||
| 490 | 0 |
_aLos mexicanos vistos por sí mismos. Los grandes temas nacionales ; _v21 |
|
| 650 | 7 |
_2armarc _aAdministración de justicia _zMéxico |
|
| 650 | 7 |
_2armarc _aJurisprudencia sociológica _zMéxico |
|
| 700 | 1 |
_aSuárez Ávila, Alberto Abad, _eautor |
|
| 700 | 1 |
_aCorzo Sosa, Edgar, _eautor |
|
| 942 |
_2ddc _cLI _h347.72 _iF56 |
||
| 999 |
_c34914 _d34914 |
||